Gaming Quiz

Random Gaming or Pokémon Quiz

One-Syllable Pokémon Quiz Stats

Quiz Updated Oct 4, 2016

Challenge
Share
Tweet
Embed
Score 0/14 Timer 02:00
8 Plays Today
Type Name % Correct
Ice/PsychicJynx
74.7%
PsychicMew
68.7%
PoisonMuk
64.6%
WaterSeel
59.8%
Grass/PoisonGloom
59.5%
FightingSawk
33%
Ice/WaterSpheal
32.2%
Type Name % Correct
FightingThroh
31.4%
Poison/WaterSkrelp
30.8%
PsychicRalts
27.9%
SteelKlink
27.9%
SteelKlang
26.5%
ElectricShinx
26.2%
PsychicSpoink
17.8%

You're not logged in!

Compare scores with friends on all Sporcle quizzes.
Join for Free
OR
Log In

You Might Also Like...

Show Comments

Extras

Top Quizzes Today


Score Distribution

Your Account Isn't Verified!

In order to create a playlist on Sporcle, you need to verify the email address you used during registration. Go to your Sporcle Settings to finish the process.

Report this User

Report this user for behavior that violates our Community Guidelines.

Details: